| 000 | 00619nam a2200217 a 4500 | ||
|---|---|---|---|
| 001 | 1715 | ||
| 003 | CDMR | ||
| 005 | 20131205135700.0 | ||
| 008 | 130130s2001||||||||||||||||||||||||||||d | ||
| 020 | _a8449310261 | ||
| 040 |
_aCDMR _bcat _cCDMR |
||
| 100 | 1 |
_aDebray, Régis _91277 |
|
| 245 | 1 | 0 |
_aIntroducción a la mediología _cRégis Debray |
| 260 |
_aBarcelona _c2001 _bPaidós |
||
| 300 | _a287 p. | ||
| 490 | 0 |
_aPaidós Comunicación _v125 |
|
| 650 | 0 | 4 |
_94353 _aComunicació _xFilosofia |
| 650 | 0 | 4 |
_93508 _aTecnologia de la informació _xAspectes socials |
| 650 | 0 | 4 |
_93211 _aComunicació i cultura |
| 942 |
_cMON _2udc |
||
| 999 |
_c1715 _d1715 |
||